Normal view MARC view
  • Imran , Capt Muhammad TE-35

Entry Personal Name

Number of records used in: 1

001 - CONTROL NUMBER

  • control field: 131271

003 - CONTROL NUMBER IDENTIFIER

  • control field: NUST

005 - DATE AND TIME OF LATEST TRANSACTION

  • control field: 20251020141730.0

008 - FIXED-LENGTH DATA ELEMENTS

  • fixed length control field: 251020|| aca||aabn | a|a d

040 ## - CATALOGING SOURCE

  • Original cataloging agency: NUST
  • Transcribing agency: NUST

100 ## - HEADING--PERSONAL NAME

  • Personal name: Imran , Capt Muhammad TE-35

670 ## - SOURCE DATA FOUND

  • Source citation: Work cat.: (NUST)182724: Imran , Capt Muhammad TE-35, Coding of speech at 8 K Bits/s using conjugate structure algebraic code exited linear rediction and its implementation in matlab /, 2002
© 2023 Central Library, National University of Sciences and Technology. All Rights Reserved.